Carregant...
Dictionary of mathematics : In four languages;English,German,French,Russian.2v /
| Autor principal: | |
|---|---|
| Altres autors: | |
| Idioma: | Undetermined |
| Publicat: |
Elsevier, Amsterdam :
1982.
|
| Matèries: |
| LEADER | 00588nam a2200181Ia 4500 | ||
|---|---|---|---|
| 001 | 11971 | ||
| 008 | 170722s9999 xx 000 0 und d | ||
| 100 | |a Eisenreich, Gunther | ||
| 245 | |a Dictionary of mathematics : |b In four languages;English,German,French,Russian.2v / | ||
| 260 | |a Elsevier, Amsterdam : |c 1982. | ||
| 300 | |a 1459 p. |c 24.5cms | ||
| 500 | |a 2 | ||
| 653 | |a Dictionary | ||
| 653 | |a Mathematics | ||
| 700 | |a Sube, Ralf |e compiler. | ||
| 942 | |c GEN | ||
| 999 | |c 100358 |d 100358 | ||
| 952 | |0 0 |1 0 |4 0 |6 BK_M2_2_R |7 0 |9 140778 |a LIB |b LIB |d 2013-03-25 |o Bk M2.2, R |p 187249 |r 2017-08-12 |w 2017-08-12 |y GEN | ||